000 00582nam a2200229Ia 4500
003 OSt
005 20221005115756.0
006 a|||||r|||| 00| 0
007 ta
008 221004b |||||||| |||| 00| 0 eng d
024 _a52394
037 _cTextual
040 _aCRL
_cCRL
_beng
041 _2eng
_aeng
082 _aQ6:21aM8, J4
100 _aSpurgeon Charles Haddon
_9628038
245 0 _aCommenting and commentaries
260 _c1954
650 _aRELIGION
942 _hQ6:21aM8, J4
_cTEXL
_2cc
999 _c1035887
_d1035887